OKTAY SİNANOĞLU (Record no. 771345)

MARC details
000 -LEADER
sabit uzunluktaki kontrol alanı 00245nam a2200097Ia 4500
001 - KONTROL NUMARASI
kontrol alanı 771345
005 - EN SON İŞLEMİN TARİH VE ZAMANI
kontrol alanı 20250826165713.0
008 - SABİT-UZUNLUKTA VERİ ÖĞELERİ--GENEL BİLGİ
sabit uzunluktaki kontrol alanı 250824s9999 xx 000 0 und d
245 #0 - ESER / YAZAR
ESER ADI OKTAY SİNANOĞLU
Yazar Adı HASAN YİĞİT
260 ## - YAYIN, DAĞITIM, VB.
YAYIN EVİ MAVİÇATI YAYINLARI
Holdings
Düşüm durumu Kayıp durumu Hasar Durumu Ödünç verilmez Ana kütüphane Geçerli Kütüphane Edinilen tarih Toplam ödünç verme sayısı Barkod Son görüntüleme tarihi Son ödünç verme tarihi Fiyatın geçerli olmaya başladığı tarih Koha materyal türü
        BÜYÜKBAYRAM ORTAOKULU BÜYÜKBAYRAM ORTAOKULU 24.08.2025 1 10062653 17.02.2026 12.02.2026 26.08.2025 Books